| 000 | 00000nam##2200000za#4500 |
| 001 | 9.601626 |
| 003 | CaOODSP |
| 005 | 20210624210149 |
| 007 | cr ||||||||||| |
| 008 | 150406|2004||||xxc|||||o f|0| 0 fre|d |
| 040 | |aCaOODSP|bfre |
| 043 | |an-cn--- |
| 086 | 1 |aYC23-0/373-3F-PDF |
| 110 | 1 |aCanada. |bParlement. |bSénat. |bComité permanent des affaires étrangères et du commerce international. |
| 245 | 10|aMexique : |h[ressource électronique]|bl'autre partenaire au sein de l'ALENA (volume 3) / |cL'honorable Peter Stollery, président ; l'honorable Consiglio Di Nino, vice-président. |
| 246 | 3 |aRapport du Comité sénatorial permanent des affaires étrangères |
| 260 | |aOttawa - Ontario : |bSénat. |cMars 2004. |
| 300 | |a55p.|bgraphique, références |
| 490 | 1 |aRapport du Comité sénatorial permanent des affaires étrangères et du commerce international|v[37e législature, 3e session, 3e rapport] |
| 500 | |aPour le vol. 1, voir YC23-0/372-4F-PDF. Pour le vol. 2, voir YC23-0/372-6F-PDF. |
| 590 | |a11-12-Supp|b2011-07-29 |
| 775 | 08|tMexico : |w(CaOODSP)9.570983 |
| 830 | #0|aRapport du Comité sénatorial permanent des affaires étrangères et du commerce international ;|v[37e législature, 3e session, 3e rapport]|w(CaOODSP)9.501654 |
| 856 | 40|ahttp://publications.gc.ca|qPDF|s729 Ko|uhttps://publications.gc.ca/collections/collection_2011/sen/yc23-0/YC23-0-373-3-fra.pdf|y[37e législature, 3e session, 3e rapport] |